000
00290 a2200133 4500
001
15195
020
_a
9781409300472
040
_c
Anchieta - Aquarius
240
1
0
_a
Rhyme Book
_l
por
245
1
0
_a
Rhyme Book
300
_a
10
650
4
_a
Literatura infanto-juvenil em inglês
942
_c
BK
999
_c
15195
_d
15195